000 00202 a2200085 4500
020 _a9780711245082
100 _a Derry Brabbs
245 _aGreat Pilgrimage Sites of Europe
260 _bFrances Lincoln
_c2020
999 _c13534
_d13534